| 000 | 00390nam a2200157Ia 4500 | ||
|---|---|---|---|
| 008 | 210210b1981 xxu||||| |||| 00| 0 eng d | ||
| 082 | _a155.9 MAUC | ||
| 100 | _aMAURUS (J) | ||
| 245 | _aCybernetics of liberation | ||
| 260 |
_aAllahabad _bBetter yourself books _c1981 |
||
| 300 | _a155 | ||
| 650 | _aliberation | ||
| 650 | _aCybernetics | ||
| 690 | _aHealth Psychology | ||
| 906 | _a045433 | ||
| 999 |
_c95069 _d95069 |
||